000
00305nam a2200121Ia 4500
005
20251222121409.0
008
251222s1900||||xx |||||||||||||| ||spa||
020
_a
9972-2515-1-9
082
_a
985.612/R53
100
_a
"Ricalde RĂos, Eliana, coor."
245
0
_a
Amanecer en el bajo Huatanay
942
_c
DVD
999
_c
2465
_d
2465